000 01657nam a22002897a 4500
003 OSt
005 20240712131928.0
008 240411t20132010-us er 000 1deng d
020 _a9780142419403
037 _aDonación
040 _aCO-JMCR
_bspa
_cCO-JMCR
_dCO-JMCR
_erda
041 0 _aeng
082 0 4 _aA-N
_bPERa
100 1 _aPerkins , Stephanie,
_d1981 -
_eautor.
_943579
245 1 0 _aAnna and the french kiss /
_cSthephanie Perkins.
260 _aUnites states of america :
_bSpeak .
_c2013
_c©2010
300 _a372 páginas :
_bIlustraciones a blanco y negro ;
_c21 cm.
500 _aIncluye letra capital en iniciales de párrafo.
500 _aIncluye agradecimientos
500 _aIncluye adelanto de las obras "Lola and the boy next door" y " Isla and the happily ever after"
520 3 _a"Stephanie Perkins's characters fall in love the way we all want to, in real time and for good." -Rainbow Rowell, #1 New York Times bestselling author Anna can't wait for her senior year in Atlanta, where she has a great job, a loyal best friend, and a crush on the verge of becoming more. So she's less than thrilled when her father unexpectedly ships her off to boarding school in Paris--until she meets Étienne St. Clair, the perfect boy. The only problem? He's taken, and Anna might be, too, if anything comes of her crush back home. Will a year of romantic near-misses end in the French kiss Anna awaits?
650 1 4 _2JMCR
_aLiteratura estadounidense
650 2 4 _2JMCR
_aNovela juvenil estadounidense
_913933
650 3 4 _2JMCR
_aAmor en la literatura
_9634
650 4 4 _2JMCR
_aLugares históricos
_zEuropa
_943580
942 _2ddc
_cBK
999 _c30735
_d17119